Evolution of man: A challenge to Darwinism through human biogenetics, physical and cultural anthropology, prehistory and palaeontology (Record no. 340446)
[ view plain ]
| 000 -LEADER | |
|---|---|
| fixed length control field | 006590000a22002170004500 |
| 005 - DATE AND TIME OF LATEST TRANSACTION | |
| control field | 20120302052545.0 |
| 040 ## - CATALOGING SOURCE | |
| Original cataloging agency | ENG |
| 100 ## - MAIN ENTRY--PERSONAL NAME | |
| Personal name | Hermanns, M. |
| 245 ## - TITLE STATEMENT | |
| Title | Evolution of man: A challenge to Darwinism through human biogenetics, physical and cultural anthropology, prehistory and palaeontology |
| 260 ## - PUBLICATION, DISTRIBUTION, ETC. (IMPRINT) | |
| Place of publication, distribution, etc | Allahabad: |
| Name of publisher, distributor, etc | Society of St. Paul, |
| Date of publication, distribution, etc | 1955 |
| 300 ## - PHYSICAL DESCRIPTION | |
| Extent | viii,139p |
| 365 ## - TRADE PRICE | |
| Price amount | Rs. |
| 490 ## - SERIES STATEMENT | |
| Series statement | A challenge to Darwinism |
| 650 ## - SUBJECT ADDED ENTRY--TOPICAL TERM | |
| Topical term or geographic name as entry element | Evolution-Man |
| 650 ## - SUBJECT ADDED ENTRY--TOPICAL TERM | |
| Topical term or geographic name as entry element | Genotype-Man |
| 650 ## - SUBJECT ADDED ENTRY--TOPICAL TERM | |
| Topical term or geographic name as entry element | Mendelism |
| 650 ## - SUBJECT ADDED ENTRY--TOPICAL TERM | |
| Topical term or geographic name as entry element | Phenotype-Man |
| 650 ## - SUBJECT ADDED ENTRY--TOPICAL TERM | |
| Topical term or geographic name as entry element | Prehistory-Cultural Anthropology |
| 650 ## - SUBJECT ADDED ENTRY--TOPICAL TERM | |
| Topical term or geographic name as entry element | Palaeontology-Evolution-Man |
| 942 ## - ADDED ENTRY ELEMENTS (KOHA) | |
| Koha item type | Book |
| Withdrawn status | Lost status | Damaged status | Not for loan | Home library | Current library | Date acquired | Total Checkouts | Barcode | Date last seen | Price effective from |
|---|---|---|---|---|---|---|---|---|---|---|
| Institute For Oriental Study, Thane | Institute For Oriental Study, Thane | 12/02/2009 | IOS-4615 | 12/02/2009 | 12/02/2009 |